000 01267cam a2200313 a 4500
999 _c129730
_d129730
001 15527157
003 ARRUPE
005 20190820110408.0
008 081119s2008 za a 000 0 eng
010 _a 2008345440
020 _a9982851004
040 _aDLC
_cDLC
_dDLC
042 _alcode
043 _af-za---
050 0 0 _aDT3117.M83
_bA3 2008
100 1 _aMwaanga, Vernon J.
_q(Vernon Johnson),
_d1944-
_947870
245 1 4 _aThe long sunset :
_bmy reflections /
_cby Vernon J. Mwanga.
260 _aLusaka, Zambia :
_bFleetfoot Pub. Co.,
_c2008.
300 _a497 p. :
_bcol. ill. ;
_c21 cm.
600 1 0 _aMwaanga, Vernon J.
_q(Vernon Johnson),
_d1944-
_947870
650 0 _aStatesmen
_zZambia
_vBiography.
_947871
651 0 _aZambia
_xForeign relations.
_947872
651 0 _aZambia
_xPolitics and government
_y1964-1991.
_93434
651 0 _aZambia
_xPolitics and government
_y1991-
_947822
856 4 1 _3Table of contents only
_uhttp://www.loc.gov/catdir/toc/fy0903/2008345440.html
906 _a7
_bcbc
_corigode
_d2
_encip
_f20
_gy-gencatlg
942 _2lcc
_cMONOGRAPH